Los sonidos del silencio : aproximación a la historia de la creación musical de las mujeres /

Bibliographic Details
Main Author: Bofill, Anna, 1944- (Author)
Format: Electronic eBook
Language:Spanish
Published: Barcelona : Editorial UOC, [2016]
Edition:Primera edición digital (epub)
Series:Comunicación y sociedad (Editorial UOC). Serie Mujeres.
Subjects:
Online Access:Digitalia Hispánica

MARC

LEADER 00000nam a2200000Ii 4500
001 DIGEDIUOC842
003 NyNyDIG
006 m o d
007 cr |||||||||||
008 220316s2016 sp ob 000 0 spa d
035 |a (OCoLC)1319855369 
040 |a DGITA  |b eng  |e rda  |e pn  |c DGITA 
020 |a 9788491164944  |q eBook  |q ePub 
050 1 4 |a ML390 ebook 
082 0 4 |a 780.82 
100 1 |a Bofill, Anna,  |d 1944-  |e author. 
245 1 4 |a Los sonidos del silencio :  |b aproximación a la historia de la creación musical de las mujeres /  |c Anna Bofill Levi. 
246 3 0 |a Aproximación a la historia de la creación musical de las mujeres 
250 |a Primera edición digital (epub) 
264 1 |a Barcelona :  |b Editorial UOC,  |c [2016] 
300 |a 1 online resource. 
336 |a text  |b txt  |2 rdacontent 
337 |a computer  |b c  |2 rdamedia 
338 |a online resource  |b cr  |2 rdacarrier 
347 |a text file  |2 rdaft 
347 |b EPUB 
490 1 |a Serie Mujeres 
504 |a Includes bibliographical references. 
588 0 |a Online resource; title from ePub title page (Digitalia, viewed March 16, 2022) 
650 0 |a Women composers  |x History. 
650 0 |a Women musicians. 
655 0 |a Electronic books. 
791 2 |a Digitalia (Firm),  |e distributor. 
793 0 |g Digitalia eBook Collection:  |a Universitat Oberta de Catalunya 
830 0 |a Comunicación y sociedad (Editorial UOC).  |p Serie Mujeres. 
856 4 0 |3 Digitalia Hispánica  |u https://www.digitaliapublishing.com/a/47054/ 
910 |a Premium collection: 2022